<?xml version='1.0' encoding='UTF-8'?>
  <record xmlns="http://www.loc.gov/MARC21/slim">
    <leader>00000cam a22000007i 4500</leader>
    <controlfield tag="001">ocn902170693</controlfield>
    <controlfield tag="003">OCoLC</controlfield>
    <controlfield tag="005">20240829114843.2</controlfield>
    <controlfield tag="008">150127s1587    gw i          000 0 ger d</controlfield>
    <datafield tag="040" ind1=" " ind2=" ">
      <subfield code="a">NLGGC</subfield>
      <subfield code="b">eng</subfield>
      <subfield code="e">rda</subfield>
      <subfield code="e">dcrmr</subfield>
      <subfield code="c">NLGGC</subfield>
      <subfield code="d">QGJ</subfield>
      <subfield code="d">OCLCO</subfield>
      <subfield code="d">OCLCL</subfield>
      <subfield code="d">OCLCA</subfield>
      <subfield code="d">OCLCL</subfield>
      <subfield code="d">OCLCQ</subfield>
    </datafield>
    <datafield tag="029" ind1="0" ind2=" ">
      <subfield code="a">NLGGC</subfield>
      <subfield code="b">388598719</subfield>
    </datafield>
    <datafield tag="035" ind1=" " ind2=" ">
      <subfield code="a">(OCoLC)902170693</subfield>
    </datafield>
    <datafield tag="100" ind1="1" ind2=" ">
      <subfield code="a">Boregk, Martin,</subfield>
      <subfield code="e">author.</subfield>
      <subfield code="4">aut</subfield>
    </datafield>
    <datafield tag="245" ind1="1" ind2="0">
      <subfield code="a">Behmische Chronica :</subfield>
      <subfield code="b">darinnen ordentliche warhaffte, eigentliche, vnd richtige Beschreibung, des hochlöblichsten, weitberümpten Königreichs Behaimb Ankunfft, Nahmen, Herkommen, desselben hochlöblichste Keyser, Könige, Fürsten, Graffen, Freyherrn, und Fürnehme Adeliche Geschlechter, Städte, und Schlösser. Darneben auch alle fürneme Handlungen, so sich in höchstgedachtem Königreiche ... bis auff diese gegenwertige zeit zugetragen haben.</subfield>
      <subfield code="c">Aus den alten vnd newen ... Schrifften ... zusammen getragen ... zuvor niemals in Deutscher Sprach in öffentlichen Druck ausgangen, jtzo aber erst an Tag gegeben, Durch Martinum Boregk Vratislauiensem.</subfield>
    </datafield>
    <datafield tag="246" ind1="3" ind2="7">
      <subfield code="a">Ordentliche Beschreibung des Landes Behmen</subfield>
    </datafield>
    <datafield tag="246" ind1="3" ind2=" ">
      <subfield code="a">Behemische chronica, darinnen ordentliche warhafte, unnd richtige Beschreibung der Sachen, Verenderungen, Kriege und sonst mancherley Fälle</subfield>
    </datafield>
    <datafield tag="264" ind1=" " ind2="1">
      <subfield code="a">Gedruckt zu Wittenberg, :</subfield>
      <subfield code="b">Gedruckt durch Zachariam Krafft,</subfield>
      <subfield code="c">Im Jhar M. D. LXXXVII [1587]</subfield>
    </datafield>
    <datafield tag="300" ind1=" " ind2=" ">
      <subfield code="a">2 volumes (691 pages) ;</subfield>
      <subfield code="c">31 cm (folio)</subfield>
    </datafield>
    <datafield tag="336" ind1=" " ind2=" ">
      <subfield code="a">text</subfield>
      <subfield code="b">txt</subfield>
      <subfield code="2">rdacontent</subfield>
    </datafield>
    <datafield tag="337" ind1=" " ind2=" ">
      <subfield code="a">unmediated</subfield>
      <subfield code="b">n</subfield>
      <subfield code="2">rdamedia</subfield>
    </datafield>
    <datafield tag="338" ind1=" " ind2=" ">
      <subfield code="a">band</subfield>
      <subfield code="b">nc</subfield>
      <subfield code="2">rdacarrier/dut</subfield>
    </datafield>
    <datafield tag="340" ind1=" " ind2=" ">
      <subfield code="m">folio</subfield>
      <subfield code="2">rdabf</subfield>
    </datafield>
    <datafield tag="500" ind1=" " ind2=" ">
      <subfield code="a">Title-page of volume 2 varies slightly: Behemische chronica, darinnen ordentliche warhafte, unnd Richtige Beschreibung der Sachen, Verenderungen, Kriege und sonst mancherley Fälle, so sich in dem Hochlöblischsten Königreiche Behaimd ... von Carolo quarto bis auff den ... Keyser Rodolphum den andern. &amp;c.</subfield>
    </datafield>
    <datafield tag="500" ind1=" " ind2=" ">
      <subfield code="a">Running title: Ordentliche Beschreibung des Landes Behmen.</subfield>
    </datafield>
    <datafield tag="500" ind1=" " ind2=" ">
      <subfield code="a">Volume 1: [8], 312 pages; volume.2: [8], 313-691, [1] pages</subfield>
    </datafield>
    <datafield tag="500" ind1=" " ind2=" ">
      <subfield code="a">Signatures: volume1(*)⁶ A-Z⁶ Aa-Cc⁶; volume 2: Dd⁴ ²Dd⁶ Ee-Zz⁶ Aaa-Lll⁶ Mmm⁴</subfield>
    </datafield>
    <datafield tag="500" ind1=" " ind2=" ">
      <subfield code="a">Last page is blank.</subfield>
    </datafield>
    <datafield tag="500" ind1=" " ind2=" ">
      <subfield code="a">Imperial coat of arms on title page verso of volume 1.</subfield>
    </datafield>
    <datafield tag="500" ind1=" " ind2=" ">
      <subfield code="a">Printer's device on title page with slogan: Fortitudo mea Deus.</subfield>
    </datafield>
    <datafield tag="500" ind1=" " ind2=" ">
      <subfield code="a">Title page in black and red.</subfield>
    </datafield>
    <datafield tag="510" ind1="4" ind2=" ">
      <subfield code="a">Verzeichnis der im deutschen Sprachbereich erschienenen Drucke des 16. Jahrhunderts (VD 16),</subfield>
      <subfield code="c">B 6705</subfield>
    </datafield>
    <datafield tag="651" ind1=" " ind2="0">
      <subfield code="a">Bohemia (Czech Republic)</subfield>
      <subfield code="x">History.</subfield>
    </datafield>
    <datafield tag="651" ind1=" " ind2="6">
      <subfield code="a">Bohême (République tchèque)</subfield>
      <subfield code="x">Histoire.</subfield>
    </datafield>
    <datafield tag="651" ind1=" " ind2="7">
      <subfield code="a">Czech Republic</subfield>
      <subfield code="z">Bohemia</subfield>
      <subfield code="2">fast</subfield>
    </datafield>
    <datafield tag="655" ind1=" " ind2="7">
      <subfield code="a">History</subfield>
      <subfield code="2">fast</subfield>
    </datafield>
    <datafield tag="700" ind1="1" ind2=" ">
      <subfield code="a">Krafft, Zacharias,</subfield>
      <subfield code="d">active 1586-1589,</subfield>
      <subfield code="e">printer.</subfield>
      <subfield code="1">https://id.oclc.org/worldcat/entity/E39PCjqmm9F8yVcDcYVRRRBJTb</subfield>
    </datafield>
    <datafield tag="700" ind1="0" ind2=" ">
      <subfield code="a">Rudolf</subfield>
      <subfield code="b">II,</subfield>
      <subfield code="c">Holy Roman Emperor,</subfield>
      <subfield code="d">1552-1612.</subfield>
      <subfield code="1">https://id.oclc.org/worldcat/entity/E39PCjCMqJHqcmfYgwmpk8YbMP</subfield>
    </datafield>
    <datafield tag="700" ind1="0" ind2=" ">
      <subfield code="a">Christian</subfield>
      <subfield code="b">I,</subfield>
      <subfield code="c">Elector of Saxony,</subfield>
      <subfield code="d">1560-1591,</subfield>
      <subfield code="e">dedicatee.</subfield>
      <subfield code="4">dte</subfield>
      <subfield code="1">https://id.oclc.org/worldcat/entity/E39PBJrCdYjjMBw3QrTTyqbTpP</subfield>
    </datafield>
    <datafield tag="700" ind1="1" ind2=" ">
      <subfield code="a">Rehdiger, Nicolaus,</subfield>
      <subfield code="d">1525-1587,</subfield>
      <subfield code="e">dedicatee.</subfield>
      <subfield code="4">dte</subfield>
      <subfield code="1">https://id.oclc.org/worldcat/entity/E39PBJhX3Pg74R4kYrdFWFB9Dq</subfield>
    </datafield>
    <datafield tag="710" ind1="2" ind2=" ">
      <subfield code="a">Breslau.</subfield>
      <subfield code="b">Hauptmann, Bürgemeister und Rathmannen der keyserlichen Stadt Breslau,</subfield>
      <subfield code="e">dedicatee.</subfield>
      <subfield code="4">dte</subfield>
    </datafield>
    <datafield tag="752" ind1=" " ind2=" ">
      <subfield code="a">Germany</subfield>
      <subfield code="d">Wittenberg,</subfield>
      <subfield code="e">publication place.</subfield>
      <subfield code="4">pup</subfield>
    </datafield>
  </record>